00549nam a2200169 a 450000100060000000300090000600800410001504000280005608200290008410000880011326000400020130000090024165000260025065000180027665000470029465000380034121849CO-ViMGA141112s2004 ck r 000 u spa d aCO-ViMGAbspacCO-ViMGA04aCD - ROM 636.20824 S353m1 aSeminario internacional de reproducción bovina : Aspectos básicos y aplicados,  aVillavicencio : bUnillanos, c2005 a1 CD14aGANADERIA - CONGRESOS14aGANADO VACUNO14aGANADO VACUNO - MEJORAMIENTO DE LA ESPECIE14aREPRODUCCION ANIMALES - CONGRESOS